KOHA-Header-6

The Marketing Poweer of Micro-Scripts (How to Differentiate Your business in a Sentence or Less) (Record no. 415)

000 -LEADER
fixed length control field 00383nam a2200121Ia 4500
008 - FIXED-LENGTH DATA ELEMENTS--GENERAL INFORMATION
fixed length control field 190722s9999 xx 000 0 und d
020 ## - INTERNATIONAL STANDARD BOOK NUMBER
International Standard Book Number 978-81-207-6662-4
100 ## - MAIN ENTRY--PERSONAL NAME
Personal name Bill Schley
245 #4 - TITLE STATEMENT
Title The Marketing Poweer of Micro-Scripts (How to Differentiate Your business in a Sentence or Less)
260 ## - PUBLICATION, DISTRIBUTION, ETC. (IMPRINT)
Place of publication, distribution, etc New Delhi
Name of publisher, distributor, etc Sterling Publishers (Pvt.) Ltd.
Date of publication, distribution, etc 2012
300 ## - PHYSICAL DESCRIPTION
Extent 176
942 ## - ADDED ENTRY ELEMENTS (KOHA)
Koha item type Books
Holdings
Withdrawn status Lost status Damaged status Not for loan Collection code Permanent Location Current Location Shelving location Date acquired Total Checkouts Full call number Barcode Date last seen Date checked out Price effective from Koha item type
        Marketing MAJU MAJU   2019-07-22 1 658.8342 7041 2021-12-02 2021-11-23 2019-07-22 Marketing

Powered by Koha